ბათუმის შოთა რუსთაველის სახელმწიფო უნივერსიტეტის ბიბლიოთეკა

Foreign Policy Analysis:AComparative Introduction. (ბიბ.ჩანაწერი № 45313)

000 -LEADER
fixed length control field 00520nam a2200205Ia 4500
001 - CONTROL NUMBER
control field 12137
003 - CONTROL NUMBER IDENTIFIER
control field GE_BSU
008 - FIXED-LENGTH DATA ELEMENTS--GENERAL INFORMATION
fixed length control field 181216s||||||||xx |||||||||||||| ||und||
020 ## - INTERNATIONAL STANDARD BOOK NUMBER
International Standard Book Number 139780312296209
040 ## - CATALOGING SOURCE
Transcribing agency GE_BSU
100 ## - MAIN ENTRY--PERSONAL NAME
Personal name Breuning,Marijke.
245 ## - TITLE STATEMENT
Title Foreign Policy Analysis:AComparative Introduction.
260 ## - PUBLICATION, DISTRIBUTION, ETC.
Place of publication, distribution, etc. New York.
260 ## - PUBLICATION, DISTRIBUTION, ETC.
Name of publisher, distributor, etc. Palgrave macmillan.
260 ## - PUBLICATION, DISTRIBUTION, ETC.
Date of publication, distribution, etc. 2007
300 ## - PHYSICAL DESCRIPTION
Extent 207p.23cm.
653 ## - INDEX TERM--UNCONTROLLED
Uncontrolled term Foreign Policy Analysis:AComparative Introduction.
942 ## - ADDED ENTRY ELEMENTS (KOHA)
Koha item type წიგნი
ეგზემპლარები
Withdrawn status Lost status Damaged status Not for loan Date acquired Barcode Date last seen Price effective from Koha item type
        2018-12-17 36007 2018-12-17 2018-12-17 წიგნი